000 00377nam a2200133Ia 4500
008 210210b1983 xxu||||| |||| 00| 0 eng d
082 _a001.6404 LEWM
100 _aLEWIS (Anthony) and LEWIS (Helen).
245 _aMicrocomputers and school biology.
260 _aLondon
_bPitman Books
_c1983
650 _aBiology and computers
690 _aComputer Science
906 _a040487
999 _c90564
_d90564